Spook's : (Record no. 798758)
[ view plain ]
| 000 -LEADER | |
|---|---|
| fixed length control field | 00861nam a22002417b 4500 |
| 003 - CONTROL NUMBER IDENTIFIER | |
| control field | 3228 |
| 005 - DATE AND TIME OF LATEST TRANSACTION | |
| control field | 20260527170725.0 |
| 008 - FIXED-LENGTH DATA ELEMENTS--GENERAL INFORMATION | |
| fixed length control field | 260511b sa a|||j |||| 00| 1 eng d |
| 020 ## - INTERNATIONAL STANDARD BOOK NUMBER | |
| International Standard Book Number | 9781849416382 (paperback) |
| 040 ## - CATALOGING SOURCE | |
| Original cataloging agency | MPL |
| Language of cataloging | eng |
| Transcribing agency | 2000 |
| Description conventions | Resource Description and Access |
| 041 ## - LANGUAGE CODE | |
| Language code of text/sound track or separate title | English |
| 082 #0 - DEWEY DECIMAL CLASSIFICATION NUMBER | |
| Classification number | ETF DELA |
| 100 ## - MAIN ENTRY--PERSONAL NAME | |
| 9 (RLIN) | 162764 |
| Personal name | Delaney, Joseph |
| Relator term | author |
| 245 ## - TITLE STATEMENT | |
| Title | Spook's : |
| Remainder of title | A new darkness / |
| Statement of responsibility, etc. | Joseph Delaney ; interior illustrations b y David Wyatt |
| 260 ## - PUBLICATION, DISTRIBUTION, ETC. | |
| Place of publication, distribution, etc. | London : |
| Name of publisher, distributor, etc. | Red Fox Books , |
| Date of publication, distribution, etc. | 2015. |
| 300 ## - PHYSICAL DESCRIPTION | |
| Extent | 287 pages ; 20 unnumbered pages : |
| Other physical details | illustrations ; |
| Dimensions | 20 cm |
| 490 ## - SERIES STATEMENT | |
| Series statement | Spook's: The Starblade Chronicles |
| Volume/sequential designation | Book One |
| 655 #0 - INDEX TERM--GENRE/FORM | |
| 9 (RLIN) | 188476 |
| Genre/form data or focus term | Youth Fiction |
| 655 #0 - INDEX TERM--GENRE/FORM | |
| 9 (RLIN) | 198759 |
| Genre/form data or focus term | Ghost Stories Fiction |
| 655 #0 - INDEX TERM--GENRE/FORM | |
| 9 (RLIN) | 188653 |
| Genre/form data or focus term | Suspence Fiction |
| 700 ## - ADDED ENTRY--PERSONAL NAME | |
| 9 (RLIN) | 199533 |
| Personal name | Wyatt, David |
| Relator term | illustrator |
| 942 ## - ADDED ENTRY ELEMENTS | |
| Source of classification or shelving scheme | Dewey Decimal Classification |
| item type | Books |
| -- | 296 |
| -- | Phillipina Naude |
| -- | 296 |
| -- | Phillipina Naude |
| Withdrawn status | Lost status | Source of classification or shelving scheme | Damaged status | Not for loan | Collection code | Home library | Current library | Shelving location | Date acquired | Total Checkouts | Full call number | Barcode | Date last seen | Price effective from | item type | Public note |
|---|---|---|---|---|---|---|---|---|---|---|---|---|---|---|---|---|
| Dewey Decimal Classification | Fiction | Klipfontein PL (MMID-PLEM-KLIP) | Klipfontein PL (MMID-PLEM-KLIP) | Children's Area | 11.05.2026 | ETF DELA | 139486 | 11.05.2026 | 11.05.2026 | Books | C124080 |